|
|
|
|
| LEADER |
00615nam a22001691a 4500 |
| 082 |
|
|
|a M2
|b KER/ V
|
| 100 |
|
|
|a Pandalam KeralaVarma
|9 171761
|
| 245 |
|
|
|a Veneesamharam/
|c by Pandalam KeralaVarma.
|
| 260 |
|
|
|a Kottayam:
|b Sahitya Pravartaka Co-operative Society,
|c 1985.
|
| 300 |
|
|
|a 187p.
|
| 500 |
|
|
|a Kerala Varma Pandalam
|
| 650 |
|
|
|a Drama Malayalam
|9 171762
|
| 650 |
|
|
|a Literature Malayalam
|9 171763
|
| 650 |
|
|
|a Literature
|9 171764
|
| 942 |
|
|
|c BK
|
| 999 |
|
|
|c 49648
|d 49648
|
| 952 |
|
|
|0 0
|1 0
|4 0
|6 M_2_000000000000000_KER_VEN_M85
|7 0
|9 72205
|a SSUS
|b SSUS
|d 2015-01-08
|g 16.00
|o M2 KER VEN M85
|p 013786
|r 2015-01-08
|v 0.00
|w 2015-01-08
|y BK
|